| 000 | 00565cam a22002291 4500 | ||
|---|---|---|---|
| 001 | sa 67003816 | ||
| 003 | DLC | ||
| 005 | 20260227112341.0 | ||
| 008 | 940914q19631964ii c 000 0 nepo | ||
| 010 | _asa 67003816 | ||
| 025 | _aPL480:N-83 | ||
| 035 | _a(OCoLC)31115861 | ||
| 040 |
_aDLC _cCU _dCU _dDLC |
||
| 042 | _apremarc | ||
| 050 | 0 | 0 |
_aPK2598.P68 _bB48 |
| 100 | 1 |
_aPauḍyāla, Lekhanātha, _d1884-1966. |
|
| 245 | 1 | 0 | _aBhartṛhari-nirveda. |
| 260 | _c[1963/64] | ||
| 300 |
_a2, 124 p. _bport. _c19 cm. |
||
| 500 | _aIn Nepali. | ||
| 500 | _aA play. | ||
| 999 |
_c74093 _d74093 |
||